000 00275nam a22001217a 4500
008 170529b xxu||||| |||| 00| 0 eng d
041 _aeng
080 _28 ED
_a94(4)
100 _a16
101 _aSHH
245 _aEUROPE GLOBAL STUDIES
_cFRANKLAND.E.G
942 _2udc
_cBK
999 _c14903
_d14903